Normal view
MARC view
Entry Corporate Name
001 - CONTROL NUMBER
- control field: 172
003 - CONTROL NUMBER IDENTIFIER
- control field: csc
005 - DATE AND TIME OF LATEST TRANSACTION
- control field: 20140507162048.0
008 - FIXED-LENGTH DATA ELEMENTS
- fixed length control field: 110131|||a|||||| | ||| d
040 ## - CATALOGING SOURCE
- Original cataloging agency: csc
- Transcribing agency: csc
110 ## - HEADING--CORPORATE NAME
- Corporate name or jurisdiction name as entry element: Hanʼguk Kiwŏn.
670 ## - SOURCE DATA FOUND
- Source citation: Work cat.: (csc)0: Jeong, Soo-hyun. 294, The Korean Go Association's learn to play go /, <c1995- >